000 00583nam a2200193Ia 4500
003 GCL
008 140319s9999 xx 000 0 ara d
040 _aGCL /
_cGCL
082 0 4 _a811.9567
_bع خ
100 1 _aعدنان الصائغ
245 1 0 _aخرجت من الحرب سهوا /
_cعدنان الصائغ
300 _a83 ص
490 _aالهيئة العامة للاستعلامات
_v0
650 0 4 _aالادب العربى
650 0 4 _aالشعر
650 0 4 _aالشعر - دواوين و قصائد
650 0 4 _aالشعر - مجموعات
942 _2ddc
_cBK
999 _c49962
_d49962